Eastern Utah Libraries Catalog: Duchesne, Heber, Roosevelt, & Vernal

Pug the unicorn / (Record no. 414677)

MARC details
000 -LEADER
fixed length control field 02252pam a2200589 i 4500
001 - CONTROL NUMBER
control field 2024057582
003 - CONTROL NUMBER IDENTIFIER
control field DLC
005 - DATE AND TIME OF LATEST TRANSACTION
control field 20251223093758.0
008 - FIXED-LENGTH DATA ELEMENTS--GENERAL INFORMATION
fixed length control field 241202s2026 nyua b 000 1 eng
010 ## - LIBRARY OF CONGRESS CONTROL NUMBER
LC control number 2024057582
020 ## - INTERNATIONAL STANDARD BOOK NUMBER
International Standard Book Number 9781546139225
Qualifying information (paperback)
020 ## - INTERNATIONAL STANDARD BOOK NUMBER
International Standard Book Number 9781546139232
Qualifying information (library binding)
020 ## - INTERNATIONAL STANDARD BOOK NUMBER
Cancelled/invalid ISBN 9781546139249
Qualifying information (ebook)
035 ## - SYSTEM CONTROL NUMBER
System control number (OCoLC)1474685622
040 ## - CATALOGING SOURCE
Original cataloging agency DLC
Language of cataloging eng
Description conventions rda
Transcribing agency DLC
Modifying agency TnLvILS
042 ## - AUTHENTICATION CODE
Authentication code pcc
-- cyac
050 00 - LIBRARY OF CONGRESS CALL NUMBER
Classification number PZ7.M4535
Item number Pvj 2026
082 00 - DEWEY DECIMAL CLASSIFICATION NUMBER
Classification number [Fic]
Edition number 23
100 1# - MAIN ENTRY--PERSONAL NAME
Personal name May, Kyla,
Relator term author,
-- illustrator.
9 (RLIN) 5682343
245 10 - TITLE STATEMENT
Title Pug the unicorn /
Statement of responsibility, etc by Kyla May.
250 ## - EDITION STATEMENT
Edition statement First edition.
264 #1 - Production, Publication, Distribution, Manufacture, and Copyright Notice.
Place of production, publication, distribution, manufacture New York :
Name of producer, publisher, distributor, manufacturer Scholastic Inc.,
Date of production, publication, distribution, manufacture, or copyr 2026.
300 ## - PHYSICAL DESCRIPTION
Extent 80 pages :
Other physical details color illustrations ;
Dimensions 20 cm.
336 ## - Content Type
Content type term text
336 ## - Content Type
Content type term still image
337 ## - Media type
Media type term unmediated
338 ## - Carrier type
Carrier type term volume
385 ## -
-- age
-- Children
-- (DLC) dg2015060010
-- lcdgt
490 1# - SERIES STATEMENT
Series statement Diary of a pug ;
Volume number/sequential designation 14
490 1# - SERIES STATEMENT
Series statement Branches
521 ## - TARGET AUDIENCE NOTE
Target audience note Ages 5-7.
Source Scholastic Inc.
521 ## - TARGET AUDIENCE NOTE
Target audience note Grades K-1.
Source Scholastic Inc.
520 ## - SUMMARY, ETC.
Summary, etc After hearing the legend at the Ye Olde Faire of a unicorn living in the woods, Bella and Bub set out on the fairy trail to find it.
588 ## -
-- Description based on publisher data.
-- TnLvILS
650 #0 - SUBJECT ADDED ENTRY--TOPICAL TERM
Topical term or geographic name as entry element Pug
Form subdivision Juvenile fiction.
9 (RLIN) 5708281
650 #0 - SUBJECT ADDED ENTRY--TOPICAL TERM
Topical term or geographic name as entry element Dogs
Form subdivision Juvenile fiction.
9 (RLIN) 5674840
650 #0 - SUBJECT ADDED ENTRY--TOPICAL TERM
Topical term or geographic name as entry element Human-animal relationships
Form subdivision Juvenile fiction.
9 (RLIN) 5681283
650 #0 - SUBJECT ADDED ENTRY--TOPICAL TERM
Topical term or geographic name as entry element Unicorns
Form subdivision Juvenile fiction.
9 (RLIN) 5692307
650 #0 - SUBJECT ADDED ENTRY--TOPICAL TERM
Topical term or geographic name as entry element Diaries
Form subdivision Juvenile fiction.
9 (RLIN) 5675979
650 #1 - SUBJECT ADDED ENTRY--TOPICAL TERM
Topical term or geographic name as entry element Pug
Form subdivision Fiction.
9 (RLIN) 5708283
650 #1 - SUBJECT ADDED ENTRY--TOPICAL TERM
Topical term or geographic name as entry element Dogs
Form subdivision Fiction.
9 (RLIN) 5674795
650 #1 - SUBJECT ADDED ENTRY--TOPICAL TERM
Topical term or geographic name as entry element Human-animal relationships
Form subdivision Fiction.
9 (RLIN) 5676174
650 #1 - SUBJECT ADDED ENTRY--TOPICAL TERM
Topical term or geographic name as entry element Unicorns
Form subdivision Fiction.
9 (RLIN) 5692523
650 #1 - SUBJECT ADDED ENTRY--TOPICAL TERM
Topical term or geographic name as entry element Diaries
Form subdivision Fiction.
9 (RLIN) 5674805
650 #1 - SUBJECT ADDED ENTRY--TOPICAL TERM
Topical term or geographic name as entry element Humorous stories.
655 #7 - INDEX TERM--GENRE/FORM
Genre/form data or focus term Animal fiction.
Source of term lcgft
9 (RLIN) 5748285
655 #7 - INDEX TERM--GENRE/FORM
Genre/form data or focus term Humorous fiction.
Source of term lcgft
655 #7 - INDEX TERM--GENRE/FORM
Genre/form data or focus term Diary fiction.
Source of term lcgft
776 08 - ADDITIONAL PHYSICAL FORM ENTRY
Display text Online version:
Main entry heading May, Kyla.
Title Pug the unicorn.
Edition First edition
Place, publisher, and date of publication New York : Scholastic Inc., 2026
International Standard Book Number 9781546139249
Record control number (DLC) 2024057583
800 1# - SERIES ADDED ENTRY--PERSONAL NAME
Personal name May, Kyla.
Title of a work Diary of a pug ;
Volume/sequential designation 14.
9 (RLIN) 6366597
830 #0 - SERIES ADDED ENTRY--UNIFORM TITLE
Uniform title Branches (Scholastic Inc.)
9 (RLIN) 5728641
Holdings
Withdrawn status Lost status Source of classification or shelving scheme Damaged status Not for loan Collection code Home library Current library Shelving location Date acquired Source of acquisition Serial Enumeration / chronology Total Checkouts Total Renewals Full call number Barcode Date last seen Date checked out Cost, replacement price Price effective from Koha item type
    Dewey Decimal Classification     Junior Graphic Novels Wasatch County Library Wasatch County Library First Floor 12/30/2025 Ingram #14 Diary of a Pug 1 1 J GN May 34301002175901 01/29/2026 12/31/2025 24.99 12/30/2025 BOOK
This project was made possible through a grant from the Institute of Museum and Library Service administered by the Utah State Library Division.

Wasatch County Library

  • 465 East 1200 South, Heber City, Utah 84032
  • Phone 435-654-1511 | Fax 435-654-6456

Hours

  • Monday - Friday 9:30 AM - 8:00 PM
  • Saturday 9:30 AM - 1:30 PM
  • Closed Sundays and Holidays